00485nam a2200169Ia 4500003000900000008004100009020001800050040001600068080001700084100002200101245009200123260004800215300001500263650001000278650001000288650001700298IN-BaIIA211028s9999 xx 000 0 eng d a0-309-06987-4 cIIA Library a524.834bBAR aBartusiak, Marcia 0aEinstein's unfinished symphonyblistening to the sounds of space-timecMarcia Bartusiak aWashington, D. C.bJoseph Henry Pressc2000 axii, 249p. aLight aSound aSpace - time